| 000 -LEADER |
| fixed length control field |
00612nam a2200205Ia 4500 |
| 001 - CONTROL NUMBER |
| control field |
5481 |
| 003 - CONTROL NUMBER IDENTIFIER |
| control field |
GE_BSU |
| 008 - FIXED-LENGTH DATA ELEMENTS--GENERAL INFORMATION |
| fixed length control field |
181216s||||||||xx |||||||||||||| ||und|| |
| 040 ## - CATALOGING SOURCE |
| Transcribing agency |
GE_BSU |
| 080 ## - UNIVERSAL DECIMAL CLASSIFICATION NUMBER |
| Universal Decimal Classification number |
510+511+512+514 |
| 100 ## - MAIN ENTRY--PERSONAL NAME |
| Personal name |
Лидский, В.Б. |
| 245 ## - TITLE STATEMENT |
| Title |
Задачи по элементарной математике. |
| 245 ## - TITLE STATEMENT |
| Statement of responsibility, etc. |
Ред. В.А. Солодков. |
| 260 ## - PUBLICATION, DISTRIBUTION, ETC. |
| Place of publication, distribution, etc. |
Москва |
| 260 ## - PUBLICATION, DISTRIBUTION, ETC. |
| Name of publisher, distributor, etc. |
Госиздат физ.-мат. лит-ры |
| 260 ## - PUBLICATION, DISTRIBUTION, ETC. |
| Date of publication, distribution, etc. |
1960 |
| 300 ## - PHYSICAL DESCRIPTION |
| Extent |
463 с. 20 см. |
| 653 ## - INDEX TERM--UNCONTROLLED |
| Uncontrolled term |
Задачи по элементарной математике. |
| 942 ## - ADDED ENTRY ELEMENTS (KOHA) |
| Koha item type |
წიგნი |